000 01730cam a22005414i 4500
003 PE-LiUPU
005 20250731170434.0
008 150623s r 000 0 d
035 _a(Sirsi) a29793
040 _aPE-LiUPU
_bspa
_cPE-LiUPU
_erda
082 0 4 _a190
_bC88
_221
100 1 _aCruz Prsdos, Alfredo,
_eautor.
245 1 0 _aHistoria de la Filosofía Contemporanea.
250 _a2
264 1 _aPamplona :
_bEdiciones Univercitarias de Navarra,
_c1987.
300 _a216 páginas ;
_c22 cm.
336 _atext
_2rdacontent
337 _aunmediated
_2rdamedia
338 _avolume
_2rdacarrier
505 0 _aOrigen de la filosofía contemporanea. -La inverción del hegelianismo. -La reacción-racionalista. -el empirismo sociológico del XIX. -La filosofía vitalista. -La fenomenologia. -El existencialismo.
526 _aSEG68
526 _aSEG70
526 _aSEG69
526 _aSEG67
526 _aSEG43
526 _aP144
526 _aP143
526 _aP131
526 _aP122
526 _aP120
526 _aP117
526 _aP112
526 _aP110
526 _aP106
526 _aP101
526 _aP80
526 _aP59
526 _aP54
526 _aP35
526 _aP33
526 _aP30
650 0 4 _aFilosofía contemporánea
_xHistoria
942 _2ddc
_cBOOK
949 _a190 C88
_wDEWEY
_c1
_i37504
_lCCODEBUL1
_mBUL
_p00.00
_r0
_sY
_tBOOK
_u2015-06-24
_xBIBLIOTECA
_zUNKNOWN
_0COMPRA
_o.STAFF. Colección General
596 _a1
999 _a190 C88
_wDEWEY
_c37181
_i37504
_d37181
_e2019-4-9
_f2022-5-31
_g4
_lDISCARD
_mBUL
_n7
_q3
_r1
_sY
_tBOOK
_u2015-6-24
_xSALUD
_zUNKNOWN
_0COMPRA
_o.STAFF. Colección General
980 _81
_gALBERTO SANCHEZ Responsable de Automatización